000 00390nam a22001457a 4500
999 _c529145
_d529145
003 NUST
038 _aMSOHAIL
082 _a0
100 _aAbu al Hassan Naghmi
_921011
110 _4آبوالحَسّن نَغمی
245 _aیہ لاھور ہے ۔۔۔ ............ Yeh Lahore Hy
260 _aLahore
_bSang-e-Mil Publication
_cc
300 _a428,p;'
_c22cm
_eH.B
942 _2ddc
_cBK